Η οθωμανική κατάκτηση της Θήβας και της Λεβαδειάς
Αποθηκεύτηκε σε:
| Κύριος συγγραφέας: | |
|---|---|
| Μορφή: | Βιβλίο |
| Γλώσσα: | Greek |
| Δημοσίευση: |
Αθήνα :
Τροχαλία,
1993
|
| Θέματα: | |
| Ετικέτες: |
Προσθήκη ετικέτας
Δεν υπάρχουν, Καταχωρήστε ετικέτα πρώτοι!
|
MARC
| LEADER | 00000cam a2200000 i 4500 | ||
|---|---|---|---|
| 001 | 1/18515 | ||
| 008 | 010315s1993 gre d | ||
| 020 | |a 960-7022-39-4 | ||
| 035 | |l 10066520 | ||
| 040 | |a GR-MY-UA |b gre |e aacr | ||
| 041 | 0 | |a gre | |
| 082 | 0 | |a 938.4 | |
| 100 | 1 | |a Σαββίδης, Αλέξιος Γ. Κ., |d 1955- | |
| 245 | 1 | 2 | |a Η οθωμανική κατάκτηση της Θήβας και της Λεβαδειάς / |c Αλέξης Γ.Κ. Σαββίδης |
| 260 | |a Αθήνα : |b Τροχαλία, |c 1993 | ||
| 300 | |a 79 σ. | ||
| 651 | 0 | |a Thebes (Greece) |x History, Military. | |
| 651 | 4 | |a Levadhia (Greece) |x History, Military. | |
| 852 | |a INST |b RHODES |e 20010315 |h 938.4 ΣΑΒ |p 005400017232 |q 005400017232 |t BK |y 0 | ||
| 901 | |a BIBL4-2001-1 | ||
| 970 | |a ΚΟΥΛΑΚΙΟΤΗ |b ΛΙΤΣΑ |z 2001/03/15 | ||